LEADER 01865nam0-2200541li-450- 001 990000258860203316 005 20070213164730.0 010 $a88-386-0336-7 035 $a0025886 035 $aUSA010025886 035 $a(ALEPH)000025886USA01 035 $a0025886 100 $a19970410h1995----km-y0itay50------ba 101 0 $aita 102 $aIT 105 $aa|||||||001yy 200 1 $a<> manuale Oracle$fMichael J. Corey, Michael Abbey, Daniel J. Dechichio Jr. 210 $aMilano [etc.]$cMcGraw-Hill Libri Italia$dcopyr. 1995 215 $aXX, 280 p.$cill.$d24 cm 225 2 $aInformatica professionale 300 $aIn cop.: Versione 7.x. 410 0$12001$aInformatica professionale 454 1$12001$aTuning Oracle$927430 606 0 $aArchivi di dati$xProgrammi Oracle 676 $a005.7565 700 1$aCOREY,$bMichael J.$027579 702 1$aABBEY,$bMichael J. 702 1$aDECHICHIO,$bDaniel J. 801 $aSistema bibliotecario di Ateneo dell' Università di Salerno$bsalbc$gISBD 912 $a990000258860203316 951 $a005.756 5 COR (A)$b0020014$c005.756 5$d00101323 951 $a005.756 5 COR (B)$b0020015$c005.756 5$d00106551 951 $a005.756 5 COR (C)$b0020018$c005.756 5$d00106552 951 $a005.756 5 COR (D)$b0020017$c005.756 5$d00106553 951 $a005.756 5 COR (E)$b0020016$c005.756 5$d00106554 959 $aBK 969 $aSCI 979 $c19970410 979 $c20001110$lUSA01$h1715 979 $aALANDI$b90$c20010327$lUSA01$h1615 979 $aALANDI$b90$c20010327$lUSA01$h1617 979 $aALANDI$b90$c20010327$lUSA01$h1617 979 $aPATTY$b90$c20020228$lUSA01$h1259 979 $c20020403$lUSA01$h1634 979 $aPATRY$b90$c20040406$lUSA01$h1618 979 $aANNAMARIA$b90$c20070213$lUSA01$h1647 996 $aTuning Oracle$927430 997 $aUNISA LEADER 01534nam--2200457---450- 001 990001297480203316 005 20070123170222.0 035 $a000129748 035 $aUSA01000129748 035 $a(ALEPH)000129748USA01 035 $a000129748 100 $a20031203d1956----km-y0itay0103----ba 101 0 $aita 102 $aIT 105 $a||||||||001yy 200 1 $aCaso, amore e logica$fCharles S. Peirce$gintroduzione di Morris R. Cohen$gcon un saggio supplementare sul pragmatismo di Peirce di John Dewey$g[traduzione di N. e M. Abbagnano] 210 $aTorino$cTaylor$d1956 215 $aXXIII, 239 p.$d24 cm 225 2 $aDocumenti e ricerche 410 0$12001$aDocumenti e ricerche 454 1$12001$aChance, love, and logic$915397 676 $a191 700 1$aPEIRCE,$bCharles Santiago Sanders$062124 702 1$aCOHEN,$bMorris Raphael 702 1$aDEWEY,$bJonh 702 1$aABBAGNANO,$bNicola 702 1$aTAYLOR ABBAGNANO,$bMarian 801 0$aIT$bsalbc$gISBD 912 $a990001297480203316 951 $aII.1.D. 749(IV A 452)$b15724 L.M.$cIV A 959 $aBK 969 $aUMA 979 $aSIAV3$b10$c20031203$lUSA01$h1126 979 $aSIAV3$b10$c20031203$lUSA01$h1126 979 $aSIAV3$b10$c20031203$lUSA01$h1128 979 $aPATRY$b90$c20040406$lUSA01$h1732 979 $aCOPAT5$b90$c20050524$lUSA01$h1634 979 $aANNAMARIA$b90$c20070123$lUSA01$h1701 979 $aANNAMARIA$b90$c20070123$lUSA01$h1702 996 $aChance, love, and logic$915397 997 $aUNISA LEADER 03420nam 2200649Ia 450 001 9910785949803321 005 20230207214733.0 010 $a1-59332-647-5 035 $a(CKB)2670000000271326 035 $a(EBL)1057824 035 $a(OCoLC)818819099 035 $a(SSID)ssj0000757733 035 $a(PQKBManifestationID)12276792 035 $a(PQKBTitleCode)TC0000757733 035 $a(PQKBWorkID)10759110 035 $a(PQKB)11788141 035 $a(MiAaPQ)EBC1057824 035 $a(Au-PeEL)EBL1057824 035 $a(CaPaEBR)ebr10622771 035 $a(EXLCZ)992670000000271326 100 $a20100409d2010 uy 0 101 0 $aeng 135 $aur|n|---||||| 181 $ctxt 182 $cc 183 $acr 200 10$aCreating Black Caribbean ethnic identity$b[electronic resource] /$fYndia S. Lorick-Wilmot 210 $aEl Paso [Tex.] $cLFB Scholarly Pub.$d2010 215 $a1 online resource (180 p.) 225 1 $aThe new Americans 300 $aDescription based upon print version of record. 311 $a1-59332-408-1 320 $aIncludes bibliographical references and index. 327 $aCONTENTS; Acknowledgments; CHAPTER 1; Introduction; CHAPTER 2; From Grassroots Movement to Rise of an Organization; CHAPTER 3; Legacies of race and Immigrant-based Policies and the Expansion of The Caribbean Service Center; CHAPTER 4; Homecoming: Celebrating Caribbean Ethnic Identity; CHAPTER 5; Problems and Possibilities; CHAPTER 6; Final Word; APPENDIX A; Description of Positions and Demographic Information, New York; APPENDIX B; Listing of Participants; APPENDIX C; Methodology and Description of Instrument; APPENDIX D; Detailed Description of Programming and Services; REFERENCES; INDEX 330 $aLorick-Wilmot explores the complexities of Black Caribbean ethnic identity by examining the role a community-based organization plays in creating ethnic options for its first-generation Black Caribbean immigrant clients. Her case study particularly focuses on a Caribbean-identified organization's history, culture and climate, and the kinds of resources staff and community leaders provide that, ultimately, supports the maintenance of Caribbean ethnicity and Black ethnic identities and slows the rate of acculturation. Her case study points to the ways ethnic identity formations feed into the 410 0$aNew Americans (LFB Scholarly Publishing LLC) 606 $aCaribbean Americans$xSocial conditions 606 $aCaribbean Americans$xEthnic identity 606 $aCaribbean Americans$xServices for 606 $aCaribbean Americans$zNew York (State)$zNew York$xSocial conditions 606 $aCaribbean Americans$zNew York (State)$zNew York$xEthnic identity 606 $aCaribbean Americans$xServices for$zNew York (State)$zNew York 615 0$aCaribbean Americans$xSocial conditions. 615 0$aCaribbean Americans$xEthnic identity. 615 0$aCaribbean Americans$xServices for. 615 0$aCaribbean Americans$xSocial conditions. 615 0$aCaribbean Americans$xEthnic identity. 615 0$aCaribbean Americans$xServices for 676 $a305.896/0729 700 $aLorick-Wilmot$b Yndia S.$f1977-$01517726 801 0$bMiAaPQ 801 1$bMiAaPQ 801 2$bMiAaPQ 906 $aBOOK 912 $a9910785949803321 996 $aCreating Black Caribbean ethnic identity$93754948 997 $aUNINA